000 00424nam a2200157Ia 4500
008 231221s9999 xx 000 0 und d
041 _aEnglish
082 _a001.6424LIN NEG1;
100 _aNegus, Christopher
245 0 _aRed hat linux (rel.12) fedora 3 bible
260 _c2005
_bDreamtech press
_aNew Delhi
300 _axx+1096
300 _c35172
650 _aRed,hat,linux,(rel.12),fedora,bible
942 _cCD
999 _c203193
_d203193